Filozófia és szaktudományok tanulmányok
Elmentve itt :
| További közreműködők: | |
|---|---|
| Adatforrás: | Philobibl |
| Dokumentumtípus: | Könyv |
| Nyelv: | magyar |
| Kulcsszavak: | természettudomány |
| Megjelent: |
Bp.
Kossuth K.
1981
|
| LEADER | 00352nam a2200121 c 4500 | ||
|---|---|---|---|
| 001 | bibPHI0034570 | ||
| 005 | 20200924123344.5 | ||
| 008 | 090618s1981 hu hun | ||
| 245 | 0 | 0 | |a Filozófia és szaktudományok |b tanulmányok |c [szerk. Horváth József] |
| 260 | |a Bp. |b Kossuth K. |c 1981 | ||
| 300 | |a 427 p. | ||
| 695 | |a természettudomány | ||
| 700 | 1 | |a Horváth József | |